MARC

LEADER 00000cam a2200000 a 4500
001 vtls008333504
003 SK-MaSNL
005 20260302003749.0
008 240318s1963 xo hoa jr 010 0 slo
015 |a SNBA1964/03-00766 
035 |a SK01SNK19640025721 
035 |a urn:nbn:sk:snk-am3i0vb 
035 |a B17079FA-827D-40AE-A5F0-EE5529F9B108 
035 |a urn:nbn:sk:snk-am00dfv5 
035 |a SKM000028184 
040 |a SNK  |b slo  |c SNK  |e AACR2 
041 0 |a slo 
044 |a xo  |c SK 
072 7 |a 686  |x Knihárstvo. Sklenárstvo. Kancelárske potreby  |2 konspekt 
072 7 |a 655  |x Polygrafia. Vydavateľstvá a knižný obchod  |2 konspekt 
080 |a 655.1/.3  |2 2001 
080 |a 686.1  |2 2001 
080 |a 655.322  |2 2001 
080 |a (0.062)  |2 2001 
080 |a (0.053.2)  |2 2001 
080 |a 08/09  |2 2001 
080 |a 655.322-051  |2 2001 
100 1 |a Kohút, Leo,  |d 1917-2013  |4 aut  |9 164248 
245 1 0 |a Svietiaca čerň  |c Leo Kohút 
250 |a 1. vyd. 
260 |a Bratislava  |b Mladé letá  |c 1963 
300 |a 212, [4] s.  |b faks., fotogr., ilustr.  |c 13 cm 
366 |e 1500 výt. 
490 1 |a Čo zaujíma mladých ľudí  |v zv. 10 
500 |a Viazaná 
504 |a Bibliogr.: s. 208 ; vysvetlivky 
521 |a Pre čitateľov od 15 rokov 
650 0 7 |a polygrafia  |2 SNKPH  |9 31181 
650 0 7 |a Graphic arts  |2 SNKPHeng  |9 267980 
650 0 7 |a knihárstvo  |2 SNKPH  |9 51420 
650 0 7 |a Bookbindery  |2 SNKPHeng  |9 340549 
650 0 7 |a kníhtlač  |2 SNKPH  |9 30985 
650 0 7 |a Letterpress printing  |2 SNKPHeng  |9 277913 
650 0 7 |a Books  |2 SNKPHeng  |9 302610 
650 0 7 |a kníhtlačiari  |2 SNKPH  |9 90985 
650 0 7 |a Letterpress printers  |2 SNKPHeng  |9 324874 
655 7 |a populárno-náučné publikácie  |2 SNKPH  |9 70460 
655 7 |a Popular works  |2 SNKPHeng  |9 90287 
655 7 |a publikácie pre deti  |2 SNKPH  |9 70148 
655 7 |a Children's literature  |2 SNKPHeng  |9 276039 
830 0 |a Čo zaujíma mladých ľudí  |9 307309 
852 |a Slovenská národná knižnica v Martine  |b 10000  |h SE 3615 
852 |a Slovenská národná knižnica v Martine  |b 10000  |h SE 3615 D1 
852 |a Štátna vedecká knižnica v Banskej Bystrici 
919 |a viaz. 
954 |a iná literatúra (príručky, kuchárske knihy, hobby literatúra, sprievodcovia) pôvodná (slovenská)  |2 lita 
958 |a OND 
958 |a TL 
958 |a RK 
958 |a EUIPO 
999 |c 993246  |d 995176 
952 |a SNK  |b SNK  |y PREZ  |7 0  |p 17A0744269  |o snkSE 3615  |i snkKSP 799/64  |0 0  |1 0  |4 0  |d 2011-11-09  |f 1  |l 0  |r 2026-02-24 11:55:41  |w 2026-02-24 
952 |a SNK  |b SNK  |y VYP  |7 0  |p 17A0492112  |o snkSE 3615 D1  |i snkKSP 800/64  |0 0  |1 0  |4 0  |d 2006-01-23  |l 0  |r 2026-02-24 11:55:41  |w 2026-02-24